Die jüngsten Bundesligaspieler - Statistiken

Allgemein
  • Dieses Quiz wurde 148 mal gespielt
  • Das Durchschnittsergebnis liegt bei 6 aus 35
Antwortstatistiken
Rang Debüt (Jahr) Spieler % Korrekt
20 2020 Jamal Musiala
80%
9 2020 Florian Wirtz
76%
1 2020 Youssoufa Moukoko
76%
24 2016 Kai Havertz
42%
7 2005 Nuri Sahin
41%
15 2020 Jude Bellingham
34%
2 2022 Paul Wanner
32%
21 2011 Julian Draxler
31%
17 2022 Mathys Tel
23%
34 2013 Timo Werner
23%
31 2013 Max Meyer
14%
10 2023 Julien Duranville
13%
35 2022 Tom Rothe
10%
13 2023 Arijon Ibrahimovic
9%
14 2020 Gio Reyna
9%
19 2020 Maximilian Beier
9%
32 2023 Ibrahim Maza
6%
3 2022 Tom Bischof
6%
29 2022 Fabio Chiarodia
5%
26 2016 Christian Pulisic
4%
8 2017 Yann Bisseck
3%
5 2021 Zidan Sertdemir
3%
12 1994 Ibrahim Tanko
2%
6 2021 Iker Bravo
2%
11 1976 Jürgen Friedl
2%
27 2008 Lennart Hartmann
2%
28 2004 Marc-Andre Kruska
2%
4 2022 Sidney Raebiger
2%
23 1989 Christian Wörns
1%
25 1990 Christian Wück
1%
22 2013 Marc Stendera
1%
18 2018 Simon Asta
1%
33 1985 Dirk Drescher
0%
16 2018 Josha Vagnoman
0%
30 2013 Levin Öztunali
0%
Keine übereinstimmenden Quizze gefunden
Verteilung der Resultate
Anzahl Personen mit jedem Resultat
Perzentil nach korrekt beantworteten Fragen
Ihre Resultats-Entwicklung
Sie haben dieses Quiz noch nicht gespielt